[Event "AUTO-OPEN-3699"]
[Site "http://www.queenalice.com/game.php?id=1439240"]
[Date "2016.9.2"]
[Round "1"]
[White "Baeta"]
[Black "gomague"]
[Result "0-1"]
[WhiteElo "1296"]
[BlackElo "1835"]

1. e4 e5 2. Nf3 Nc6 3. Nc3 Nf6 4. Bc4 Bc5 5. O-O O-O 6. a3 a5 7. Bb5 Re8 8. Bxc6
bxc6 9. Na4 Bb6 10. c3 Nxe4 11. d4 exd4 12. cxd4 Ba6 13. Re1 Qf6 14. Nc3 d5 15.
Nxe4 dxe4 16. Ne5 Rxe5 17. dxe5 Bxf2+ 18. Kh1 Qxe5 19. Be3 Bxe1 20. Qxe1 Qxb2
21. Qc1 Qxc1+ 22. Rxc1 Bb5 23. Bf4 f5 24. Bxc7 a4 25. h3 Re8 26. Rd1 e3 27. Rd8
Rxd8 28. Bxd8 Kf7 29. Kg1 Ke6 30. g3 e2 31. Kf2 c5 32. h4 h5 33. Bg5 Ke5 34. Be3
c4 35. Kxe2 Ke4 36. Bc1 c3+ 37. Kd1 Bd3 38. Ke1 Kd4 39. Kd1 Kc4 40. Ke1 Kb3 41.
Kd1 Ka2 0-1

[Event "AUTO-OPEN-3699"]
[Site "http://www.queenalice.com/game.php?id=1439273"]
[Date "2016.9.2"]
[Round "1"]
[White "Denilsohn"]
[Black "Baeta"]
[Result "1-0"]
[WhiteElo "1183"]
[BlackElo "1405"]

1. d4 e6 2. e4 Nf6 3. Nc3 Bb4 4. e5 Nd5 5. Qd3 Bxc3+ 6. bxc3 d6 7. Qg3 O-O 8.
Bh6 g6 9. Bxf8 Qxf8 10. c4 Nb4 11. Qc3 c5 12. d5 exd5 13. a3 d4 14. Qb2 N4c6 15.
exd6 Qxd6 16. Bd3 Ne5 17. Ne2 b6 18. O-O Ng4 19. Ng3 Bb7 20. c3 Ne5 21. Be2 Qc6
22. f3 d3 23. Bd1 Nxc4 24. Qa2 Ne5 25. Bb3 c4 26. Bd1 Nbd7 27. f4 Qc5+ 28. Rf2
Nc6 29. Ne4 Qe3 30. Nd6 Ba6 31. Nxc4 Qe1+ 32. Rf1 Qxc3 33. Nd6 Qd4+ 34. Rf2 Qxd6
35. Bf3 Nf6 36. Re1 Re8 37. Qd2 Nd4 38. a4 h5 39. Rxe8+ Nxe8 40. f5 Nxf5 41.
Bxh5 Qa3 42. Bg4 Ned6 43. Bxf5 gxf5 44. Qg5+ Kf8 45. Qd8+ Ne8 46. h3 Qxa4 47.
Rxf5 Qb4 48. Re5 Bb5 49. Qg5 Qd4+ 50. Kh2 Qd6 51. g3 Bc6 52. Qf4 d2 53. Rxe8+
Kxe8 54. Qxd6 1-0

[Event "AUTO-OPEN-3699"]
[Site "http://www.queenalice.com/game.php?id=1439274"]
[Date "2016.9.2"]
[Round "1"]
[White "Baeta"]
[Black "Denilsohn"]
[Result "1-0"]
[WhiteElo "1300"]
[BlackElo "1114"]

1. e4 e5 2. Nf3 g6 3. Nxe5 Nf6 4. Bc4 d5 5. Bxd5 Nxd5 6. exd5 Qe7 7. Qe2 Bf5 8.
d3 Qd6 9. Nxg6+ Kd7 10. Nxh8 Qxd5 11. O-O f6 12. Nc3 Qg8 13. Qf3 Bg4 14. Qxf6
Be7 15. Qd4+ 1-0

[Event "Challenge"]
[Site "http://www.queenalice.com/game.php?id=1440707"]
[Date "2016.9.11"]
[Round "-"]
[White "colonelkurtz"]
[Black "Baeta"]
[Result "0-1"]
[WhiteElo "1201"]
[BlackElo "1296"]

1. c4 e5 2. e3 Nc6 3. Ne2 d6 4. Nbc3 Nh6 5. h3 Bf5 6. g4 Bd3 7. b3 Nb4 8. Nd4
exd4 9. exd4 Nc2+ 10. Qxc2 Bxc2 11. Bg2 Qe7+ 12. Kf1 Bd3+ 13. Kg1 Qe1+ 14. Kh2
Qxf2 15. Nd1 Qxd4 16. Bb2 Qf4+ 17. Kg1 c6 18. Ne3 Be4 19. Re1 O-O-O 20. Bxe4
Qxe4 21. Ng2 Qc2 22. Bc3 Qxa2 23. Ra1 Qxb3 24. Rxa7 Qb6+ 0-1

[Event "Challenge"]
[Site "http://www.queenalice.com/game.php?id=1440708"]
[Date "2016.9.11"]
[Round "-"]
[White "Baeta"]
[Black "colonelkurtz"]
[Result "0-1"]
[WhiteElo "1343"]
[BlackElo "1180"]

1. e4 e6 2. Nc3 a6 3. Nf3 c5 4. b3 Nc6 5. Na4 Qf6 6. c3 b5 7. Nb2 Nge7 8. Bd3
Qg6 9. O-O f5 10. Qe1 Bb7 11. h3 d5 12. exd5 exd5 13. c4 dxc4 14. bxc4 bxc4 15.
Nxc4 Nd4 16. Nxd4 Qxg2# 0-1

[Event "Challenge"]
[Site "http://www.queenalice.com/game.php?id=1440909"]
[Date "2016.9.12"]
[Round "-"]
[White "Bebeto"]
[Black "Baeta"]
[Result "0-1"]
[WhiteElo "1962"]
[BlackElo "1434"]

1. e4 e5 2. Nf3 Nc6 3. Bc4 Nf6 4. Nc3 Bc5 5. O-O O-O 6. a3 d6 7. h3 a6 8. d3 h6
9. Nd5 Nxd5 10. Bxd5 Nb8 11. c3 Nd7 12. Bd2 c6 13. Ba2 Nf6 14. Rc1 Ba7 15. b4
Bd7 16. Qb3 Qb6 17. Nh4 Be6 18. Qc2 Bxa2 19. Qxa2 d5 20. Be3 Qd8 21. exd5 Bxe3
22. fxe3 cxd5 23. Nf5 b5 24. Rcd1 Qd7 25. Qf2 g6 26. Nxh6+ Kg7 27. Qxf6+ Kxh6
28. Qxe5 Qe6 29. Qxe6 fxe6 30. Rxf8 Rxf8 31. Rf1 Rc8 32. Rc1 Kh5 33. d4 g5 34.
g4+ Kh4 35. Kg2 Rf8 36. Rc2 Rc8 37. Rc1 Rf8 38. Rf1 Rxf1 39. Kxf1 Kxh3 40. Kf2
Kxg4 41. Kg2 Kh4 42. Kf2 Kh3 43. Kf3 g4+ 44. Kf4 g3 45. Ke5 g2 46. Kxe6 g1=Q 47.
Kxd5 Qxe3 48. Kd6 Qxc3 49. d5 Qxa3 50. Kc6 Qc3+ 51. Kd7 Qxb4 52. d6 a5 53. Kc6
a4 54. d7 Qa5 55. Kb7 a3 56. Kc8 b4 57. d8=Q Qxd8+ 58. Kxd8 b3 0-1

[Event "Challenge"]
[Site "http://www.queenalice.com/game.php?id=1440910"]
[Date "2016.9.12"]
[Round "-"]
[White "Baeta"]
[Black "Bebeto"]
[Result "0-1"]
[WhiteElo "1434"]
[BlackElo "1975"]

1. e4 e5 2. Nf3 Nc6 3. Bc4 Bc5 4. d3 Nf6 5. Ng5 O-O 6. Nf3 h6 7. O-O d6 8. Nc3
a6 9. h3 b5 10. Bd5 Bb7 11. Bxc6 Bxc6 12. b3 a5 13. a4 b4 14. Ne2 Bd7 15. c4 Ba7
16. Bb2 c5 17. Ng3 Nh7 18. Nh5 Ng5 19. Nxg5 Qxg5 20. Qf3 Be6 21. Bc1 Qg6 22. Bb2
f6 23. Ng3 Rac8 24. Ne2 f5 25. Qg3 Qh5 26. Rae1 Rc7 27. Bxe5 dxe5 28. Qxe5 Qf7
29. Nf4 Re7 30. f3 Bxc4 31. Qxf5 Bxb3 32. Ng6 Re6 33. Nxf8 Qxf5 34. exf5 Rxe1
35. Rxe1 Kxf8 36. Kh1 Bc2 37. g4 Bxd3 38. Rd1 c4 39. Rd2 Be3 40. Rb2 c3 0-1

[Event "OS INCLIVES"]
[Site "http://www.queenalice.com/game.php?id=1441638"]
[Date "2016.9.17"]
[Round "-"]
[White "adelio"]
[Black "Baeta"]
[Result "0-1"]
[WhiteElo "1612"]
[BlackElo "1358"]

1. d4 d5 2. e4 dxe4 3. Nc3 Nf6 4. f3 e6 5. Nxe4 Nxe4 6. fxe4 Qh4+ 7. g3 Qxe4+ 8.
Ne2 Qxh1 9. h4 Qe4 10. Bf4 Bd6 11. Bxd6 cxd6 12. Qd2 O-O 13. O-O-O Nd7 14. Nc3
Qc6 15. Bd3 Nf6 16. Rf1 h6 17. Rxf6 gxf6 18. Qxh6 f5 19. g4 Qf3 20. gxf5 exf5
21. Qg5+ Kh7 22. Ne2 Rg8 23. Qf6 Qe3+ 24. Kd1 Rg1+ 25. Nxg1 Qxg1+ 26. Kd2 Qf2+
27. Kc3 Qe1+ 28. Kb3 Be6+ 29. c4 Qd1+ 30. Bc2 Qf3+ 31. Ka4 Bd7+ 32. Ka5 b6+ 33.
Ka6 Bc8+ 34. Kb5 a6+ 35. Kxb6 Qb7+ 36. Ka5 Qc7+ 37. Kb4 Rb8+ 38. Kc3 Qa5+ 39.
Kd3 Be6 40. Ke3 Rxb2 41. Bxf5+ Qxf5 42. Qxf5+ Bxf5 43. Kf4 Bd3 44. c5 dxc5 45.
dxc5 Rc2 46. Ke3 Bb5 47. Kd4 Bc6 48. a3 f5 49. Ke5 Rxc5+ 50. Kf4 Bd7 51. Kg5 Rc4
52. h5 f4 53. Kh4 f3+ 54. Kg3 Bc6 55. Kh3 f2 56. Kg3 f1=Q 57. h6 Qf3+ 58. Kh2
Qg2# 0-1

[Event "OS INCLIVEIS"]
[Site "http://www.queenalice.com/game.php?id=1442827"]
[Date "2016.9.26"]
[Round "-"]
[White "adelio"]
[Black "Baeta"]
[Result "1-0"]
[WhiteElo "1586"]
[BlackElo "1370"]

1. f4 d5 2. e3 e6 3. c4 dxc4 4. Bxc4 Nf6 5. Nc3 Bb4 6. a3 Bxc3 7. bxc3 c6 8. Nf3
Ne4 9. h4 Ng3 10. Rh3 Nh5 11. Ng5 O-O 12. Qxh5 Re8 13. Qxf7+ Kh8 14. Qh5 h6 15.
Nf7+ Kg8 16. Nxd8 Rxd8 17. Qg6 Kf8 18. a4 b5 19. Ba3+ 1-0

[Event "OS INCLIVES"]
[Site "http://www.queenalice.com/game.php?id=1442828"]
[Date "2016.9.26"]
[Round "-"]
[White "Baeta"]
[Black "adelio"]
[Result "1-0"]
[WhiteElo "1397"]
[BlackElo "1671"]

1. e4 a6 2. Qf3 c5 3. Bc4 e6 4. Qe3 b5 5. Be2 d6 6. d3 Be7 7. Nf3 Nc6 8. O-O e5
9. b3 h5 10. h3 h4 11. c4 Nd4 12. cxb5 Nxf3+ 13. Bxf3 g5 14. Bg4 Nh6 15. Bh5 Ra7
16. Qf3 Bf6 17. bxa6 g4 18. Bxg4 Nxg4 19. hxg4 h3 20. gxh3 Rg8 21. Nc3 Bh4 22.
Bh6 Qf6 23. Qxf6 Bxf6 24. Nb5 Bxg4 25. Nxa7 Bf3+ 26. Kh2 Rg2+ 27. Kh1 Rxf2+ 28.
Kg1 Rg2+ 29. Kh1 Rxa2+ 30. Rxf3 Rxa1+ 31. Kg2 Bh4 32. Nb5 Ke7 33. a7 Ra2+ 34.
Kg1 Kd7 35. Rxf7+ Ke6 36. Rf8 Ra1+ 37. Kg2 Ra2+ 38. Kf3 Rf2+ 39. Kg4 Rxf8 40.
Bxf8 Bd8 41. a8=Q Kd7 42. Bxd6 Ke6 43. Qxd8 Kf7 44. Qe7+ Kg8 45. Qf8+ Kh7 46.
Bxe5 c4 47. Qg7# 1-0

[Event "AUTO-OPEN-3699"]
[Site "http://www.queenalice.com/game.php?id=1450791"]
[Date "2016.11.18"]
[Round "2"]
[White "jupar"]
[Black "Baeta"]
[Result "0-1"]
[WhiteElo "1970"]
[BlackElo "1499"]

1. d4 d5 2. Nf3 e6 3. Nc3 Nf6 4. Bf4 Bd6 5. Be5 Bxe5 6. Nxe5 O-O 7. g3 c6 8. Bg2
c5 9. e3 Qa5 10. O-O b6 11. h4 Ba6 12. Re1 Qb4 13. a3 Qxb2 14. Qd2 cxd4 15. exd4
Rc8 16. Na4 Qb5 17. Nc3 Qa5 18. Ne4 Qxd2 19. Nxd2 Rxc2 20. Nb3 Rc3 21. Nd2 Nc6
22. Nxc6 Rxc6 23. Rec1 Rac8 24. Rxc6 Rxc6 25. a4 h6 26. a5 bxa5 27. Nb3 Rc2 28.
Nc5 Be2 29. Rxa5 Rc1+ 30. Kh2 Ng4+ 31. Kh3 Nxf2+ 32. Kh2 Rc4 33. Ra2 Ng4+ 34.
Kh3 Bd1 35. Rd2 Rc1 36. Nd7 h5 37. Ne5 f6 38. Nd3 Ra1 39. Nc5 Kf7 40. Rb2 a5 41.
Rb7+ Kg6 42. Nxe6 Ra2 43. Nf4+ Kf5 44. Rxg7 Nf2+ 45. Kh2 Rd2 46. Nh3 Nxh3 47.
Kxh3 Rxd4 48. Kh2 Rd2 49. Kg1 a4 50. Rd7 Ke6 51. Rd8 Ke7 52. Rb8 Rd3 53. Kf2 a3
54. Ra8 Ke6 55. Ra6+ Ke5 56. Ra5 Rd2+ 57. Kg1 a2 58. Bxd5 Rxd5 59. Rxa2 Bb3 60.
Re2+ Kf5 61. Kg2 Re5 62. Rf2+ Kg6 63. Kh2 Bd5 64. Kh3 Be6+ 65. Kg2 Re3 66. Kh2
Bg4 67. Kg2 Re2 68. Kf1 Re3 69. Kg2 f5 70. Kh2 Kf6 71. Kg2 Ke5 72. Kf1 Bf3 73.
Rb2 Bg4 74. Rf2 Bh3+ 75. Kg1 Rxg3+ 76. Kh2 Re3 77. Kh1 f4 78. Kh2 Kf5 79. Ra2
Kg4 80. Ra4 Re2+ 81. Kg1 Kg3 82. Ra3+ f3 83. Ra1 f2+ 84. Kh1 Re1+ 85. Rxe1
fxe1=Q# 0-1

[Event "AUTO-OPEN-3699"]
[Site "http://www.queenalice.com/game.php?id=1450792"]
[Date "2016.11.18"]
[Round "2"]
[White "Baeta"]
[Black "jupar"]
[Result "1-0"]
[WhiteElo "1499"]
[BlackElo "1961"]

1. e4 e5 2. Nf3 Nc6 3. Bb5 d6 4. Bxc6+ bxc6 5. c3 Nf6 6. Qa4 Bd7 7. Qc4 Be7 8.
Ng5 O-O 9. O-O h6 10. Nf3 d5 11. exd5 cxd5 12. Qe2 e4 13. Ne5 Be6 14. Nc6 Qd6
15. Nxe7+ Qxe7 16. h3 c5 17. a4 a6 18. d3 a5 19. c4 exd3 20. Qxd3 d4 21. Qg3 Kh7
22. Qd3+ g6 23. Nd2 Qc7 24. Nf3 Rab8 25. Qd2 g5 26. Qc2+ Kg7 27. Ra3 Rb6 28. Bd2
Rbb8 29. Qc1 Ne4 30. Qe1 Bf5 31. Bxa5 Qf4 32. Bd2 Nxd2 33. Nxd2 Bd3 34. Rxd3
Rfe8 35. Qd1 Rxb2 36. Re1 Rxe1+ 37. Qxe1 h5 38. Nb3 Qd6 39. Qc1 Qg6 40. Rg3 Rxb3
41. Rxb3 Qa6 42. Qxg5+ Kh7 43. Rg3 Qg6 44. Qxg6+ fxg6 45. a5 Kh6 46. a6 g5 47.
a7 h4 48. Rd3 Kg6 49. a8=Q Kf5 50. Qd5+ Kg6 51. Qxc5 Kh5 52. Rxd4 1-0

[Event "AUTO-OPEN-3699"]
[Site "http://www.queenalice.com/game.php?id=1450797"]
[Date "2016.11.18"]
[Round "2"]
[White "gomague"]
[Black "Baeta"]
[Result "0-1"]
[WhiteElo "1751"]
[BlackElo "1434"]

1. e4 e5 2. d4 exd4 3. c3 Bc5 4. cxd4 Bb4+ 5. Nc3 Qh4 6. Bd3 Bxc3+ 7. bxc3 b6 8.
Nf3 Qg4 9. O-O Nf6 10. h3 Qe6 0-1

[Event "AUTO-OPEN-3699"]
[Site "http://www.queenalice.com/game.php?id=1450798"]
[Date "2016.11.18"]
[Round "2"]
[White "Baeta"]
[Black "gomague"]
[Result "1-0"]
[WhiteElo "1468"]
[BlackElo "1751"]

1. e4 e5 2. Nf3 Nc6 3. Bb5 a6 4. Bxc6 dxc6 5. c3 Bd6 6. O-O Nf6 7. Qb3 O-O 8. d4
exd4 9. cxd4 Nxe4 10. Nc3 Nxc3 11. bxc3 1-0

[Event "PETRO 1"]
[Site "http://www.queenalice.com/game.php?id=1456047"]
[Date "2016.12.22"]
[Round "2"]
[White "Bebeto"]
[Black "Baeta"]
[Result "1-0"]
[WhiteElo "1979"]
[BlackElo "1499"]

1. e4 e5 2. Nf3 d6 3. Bc4 h6 4. c3 Nf6 5. d3 c6 6. O-O b5 7. Bb3 Be7 8. Re1 O-O
9. Nbd2 Qb6 10. h3 Nbd7 11. Nf1 a5 12. a3 Bb7 13. Ng3 a4 14. Ba2 Bc8 15. Nf5 Re8
16. Be3 Nc5 17. b4 Bxf5 18. exf5 Qa7 19. bxc5 dxc5 20. Nxe5 Rf8 21. Ng6 Qd7 22.
Nxe7+ Qxe7 23. Bxh6 Qd7 24. Bg5 Nh7 25. Qg4 Qd6 26. Be7 Qxd3 27. f6 Rfe8 28.
Qxg7# 1-0

[Event "Let's Play Chess!"]
[Site "http://www.queenalice.com/game.php?id=1474823"]
[Date "2017.4.24"]
[Round "-"]
[White "Baeta"]
[Black "mvson33"]
[Result "0-1"]
[WhiteElo "1499"]
[BlackElo "1839"]

1. e4 e5 2. Nf3 Nc6 3. Nc3 a6 4. d4 exd4 5. Nxd4 Nxd4 6. Qxd4 Ne7 7. Bc4 Nc6 8.
Qd5 Qe7 9. Bg5 f6 10. Be3 d6 11. Qh5+ g6 12. Qf3 Be6 13. Bd5 Bxd5 14. Nxd5 Ne5
15. Qh3 Qf7 16. O-O f5 17. Rad1 O-O-O 18. Bg5 Re8 19. Nf6 Rd8 20. b3 Kb8 21. Nd5
Rc8 22. Bf4 fxe4 23. Bxe5 dxe5 24. Qe3 Rd8 25. Qxe4 Bg7 26. h3 Qf5 27. Qc4 c6
28. Ne3 Qf6 29. Ng4 Qe7 30. Rfe1 Rxd1 31. Rxd1 Rd8 32. Re1 h5 33. Nh2 Qd7 34.
Qe2 Ka8 35. Nf3 Qd6 36. a4 Qc7 37. Qe4 Qd6 38. Ng5 Qf6 39. Nh7 Qd6 40. Ng5 Rd7
41. Qg4 hxg4 42. hxg4 Qd2 43. Nf3 Qxc2 0-1

[Event "Let's Play Chess!"]
[Site "http://www.queenalice.com/game.php?id=1474849"]
[Date "2017.4.24"]
[Round "-"]
[White "Baeta"]
[Black "ketchuplover"]
[Result "0-1"]
[WhiteElo "1490"]
[BlackElo "1750"]

1. e4 c5 2. b3 e6 3. d4 cxd4 4. Qxd4 Nc6 5. Qa4 Nge7 6. Nf3 d6 7. Nc3 Bd7 8. Bb5
a6 9. Bxc6 Bxc6 10. Qb4 a5 11. Qc4 Ng6 12. Bg5 Be7 13. Bxe7 Qxe7 14. Qd4 O-O 15.
Ne2 e5 16. Qc3 Bxe4 17. Ng3 Bxf3 18. Qxf3 e4 19. Qc3 Rfc8 20. Qd4 Rxc2 21. Nf5
Qe5 22. Qxe5 dxe5 23. Nd6 Rd8 24. Nxe4 Rd4 25. Ng3 Nf4 26. O-O Ne2+ 27. Nxe2
Rxe2 28. Rac1 g6 29. a4 b5 30. axb5 Rb4 31. Rb1 Rxb5 32. g3 f5 33. f4 e4 34. Rf2
Rxf2 35. Kxf2 a4 0-1

[Event "Challenge"]
[Site "http://www.queenalice.com/game.php?id=1475123"]
[Date "2017.4.24"]
[Round "-"]
[White "Derik_vd_Heever"]
[Black "Baeta"]
[Result "0-1"]
[WhiteElo "1471"]
[BlackElo "1497"]

1. e4 e5 2. Nf3 Nc6 3. Nc3 Nf6 4. d4 exd4 5. Nb5 a6 6. Nbxd4 Bc5 7. Be3 Bxd4 8.
Bxd4 Nxe4 9. Qe2 d5 10. c4 Bg4 11. g3 Nxd4 12. Qd3 Nxf3+ 13. Kd1 Ne5+ 14. Be2
Nxd3 15. Bxg4 Nexf2+ 16. Kd2 Nxg4 17. Kxd3 Nf2+ 18. Ke2 Nxh1 19. Rxh1 O-O 20.
Rd1 Re8+ 21. Kf1 Qf6+ 0-1

[Event "Challenge"]
[Site "http://www.queenalice.com/game.php?id=1476579"]
[Date "2017.5.3"]
[Round "-"]
[White "Derik_vd_Heever"]
[Black "Baeta"]
[Result "1-0"]
[WhiteElo "1469"]
[BlackElo "1512"]

1. e4 e5 2. Nf3 d6 3. Nc3 Bg4 4. g3 c6 5. Bg2 d5 6. h3 dxe4 7. hxg4 exf3 8. Qxf3
Nf6 9. O-O Bc5 10. b3 O-O 11. Na4 Na6 12. Bb2 Bd4 13. c3 Bb6 14. g5 Ne8 15. Rfe1
1-0

[Event "PETRO 1"]
[Site "http://www.queenalice.com/game.php?id=1494163"]
[Date "2017.9.12"]
[Round "4"]
[White "lucasitajobi"]
[Black "Baeta"]
[Result "0-1"]
[WhiteElo "1705"]
[BlackElo "1484"]

1. e4 e5 2. Nf3 Nc6 3. Bc4 Qe7 4. d3 Nf6 5. Bg5 h6 6. Bxf6 Qxf6 7. Nc3 Bb4 8. a3
Bxc3+ 9. bxc3 a6 10. O-O d6 11. d4 Qg6 12. g3 O-O 13. dxe5 Nxe5 14. Nxe5 dxe5
15. Bd5 c6 16. Bc4 Bg4 17. Be2 Bh3 18. Re1 Rad8 19. Qb1 b5 20. c4 Qf6 21. cxb5
cxb5 22. a4 Rd2 23. axb5 axb5 24. Qxb5 Rxc2 25. Qd3 Rb2 26. Reb1 Rfb8 27. Rxb2
Rxb2 28. Qf3 Qb6 29. g4 Qd4 30. Rd1 Rd2 31. Rxd2 Qxd2 32. Qxh3 Qxe2 33. Qg2 Qe1+
34. Qf1 Qxe4 35. h3 f5 36. f3 Qe3+ 37. Kh2 Qf4+ 38. Kg2 fxg4 39. fxg4 Qxf1+ 40.
Kxf1 g5 41. Kf2 Kf7 42. Kf3 Kf6 43. Ke4 Ke6 44. Kf3 Kd5 45. Ke3 e4 46. Kf2 Kd4
47. Kg3 e3 48. Kf3 Kd3 0-1